000 00630nam a22002057a 4500
999 _c10128
_d10128
003 AR-CdUCM
008 190329b ||||| |||| 00| 0 spa d
020 _a978-607-735-724-7
040 _aMUNICIPALIDAD PROVINCIAL DEL CUSCO
_cBIBLIOTECA MUNICIPAL DEL CUSCO
082 _aSI-0145 /
_bSTE / ent
100 _aStead, Philip C.
_926799
245 _aEntrega especial /
260 _aBarcelona :
_bOceano,
_c2016.
300 _bIlustraciones.
_c22 cm.
650 _aLiteratura infantil
_9588
650 _aSiglo XXI
_92856
700 _aCordell, Mathew (ilustraciones)
_926800
942 _2ddc
_cLIBROS
945 _apjha
_d2019-05-14